[Event "Tromso ol (Men) 41st"]
[Site "Tromso"]
[Date "2014.08.05"]
[Round "4.1"]
[White "Carlsen, Magnus"]
[Black "Wojtaszek, Radoslaw"]
[Result "1-0"]
[WhiteElo "2877"]
[BlackElo "2735"]
[Annotator "Marin,M"]
[PlyCount "65"]
[EventDate "2014.08.02"]
[EventType "team-swiss"]
[EventRounds "11"]
[EventCountry "NOR"]
[SourceTitle "CBM 162"]
[Source "ChessBase"]
[SourceDate "2014.09.17"]
[WhiteTeam "Norway"]
[BlackTeam "Poland"]
[WhiteTeamCountry "NOR"]
[BlackTeamCountry "POL"]

1. e4 {For a moment, this move made me curious: will we see a fierce
theoretical dispute in the Najdorf?!} c5 2. Nc3 {Not really! Just some complex
positional struggle with mobile pawn chains and all pieces on the board. In
the '60s, the Closed Sicilian used to be a deadly weapon in Spassky's hands.
Players like Geller and Larsen (the latter also with reversed colours, 1.c4 e5)
were crushed during Spassky's campaigns for the world title.} d6 ({The man who
did find an antidote to Spassky's treatment of the Sicilian was Viktor
Korchnoi. During their 1968 Candidates final he twice answered} 2... e6 {
followed by ...d7-d5. Black had some light pressure in both games but they
ended in draws. In order to win the match, Spassky found no other solution
than... winning with Black and switching to 1. d4 when playing with White. It
remains an open question what would Carlsen do against 2...e6. True, he twice
faced this move, but this happened in 2002 when he was rated 2171...}) 3. g3
Nc6 4. Bg2 g6 5. d3 Bg7 6. Be3 ({Spassky almost always played} 6. f4 {The
aforementioned games went} e5 7. Nh3 exf4 (7... Nge7 8. O-O Nd4 9. f5 gxf5 10.
Qh5 $44 h6 11. Rf2 Be6 12. Be3 Qd7 13. Raf1 O-O-O 14. Nd5 fxe4 15. Nxe7+ Qxe7
16. Bxd4 cxd4 17. Rxf7 Qe8 18. Bxe4 Rf8 19. Bf5 Qxf7 20. Qxf7 Rxf7 21. Bxe6+
Rfd7 22. Rf7 Kc7 23. Bxd7 Rxd7 24. Rxd7+ Kxd7 25. Kg2 {The complications
petered out in an ending which is more pleasant for White. Hort did not defend
the best way and lost in Spassky,B (2630)-Hort,V (2620) Bugojno 1978 MCL 
(Bulletin) (1-0, 41)}) 8. Bxf4 Nge7 9. O-O h6 10. Rb1 O-O 11. a3 Be6 12. Be3
Ne5 13. Nf4 Bd7 14. Kh1 Rc8 15. Qd2 Kh7 16. h3 {It is interesting to compare
Spassky's regrouping starting from this moment with Carlsen's.} Bc6 17. g4 Qd7
18. Rf2 b6 19. Rbf1 Bb7 20. Qe2 Rce8 21. Bc1 Kg8 22. Qe3 b5 23. Qg3 b4 24. axb4
cxb4 25. Nd1 {[%cal Gd1e3] Black's play surely was more harmonious than
Wojtaszek's, but this did not prevent White from including practically all his
pieces in the inevitable attack. In principle, the position is unclear yet,
but White's attacking potential eventually prevailed in Spassky,B (2610)
-Portisch,L (2625) Geneve 1977 (1-0, 40)}) 6... e5 {Black adopts Botvinnik's
English triangle with reversed colours, a system I had recommended in my
English Opening books. I have to add a small correction: the system is good
unless you are facing Carlsen. But does this not apply for any other opening?!}
7. Nh3 {This way of developing the knight was also one of Spassky's favourites.
I must confess that when following Carlsen's play I have every time the
temptation to compare him with another World Champion from the past: now
Fischer, later Lasker, but today we surely have Boris Vassilievich in the
background. On more concrete terms, what could be the great idea behind the
last move? Shouldn't the knight (after f2-f4) go to f3, controlling the
important central d4- and e5-squares? Actually, it would be of little use to
put pressure on such well defended squares, so it is a good idea to be heading
for the only weakness in Black's setup, the d5-square. After the planned f2-f4,
the prospect of a knight jump to f4-d5 somwehat restricts Black's options.} ({
The vast majority of the games continue with} 7. Qd2 {for instance} Nge7 8. f4
Nd4 9. Nf3 O-O 10. O-O exf4 11. Bxf4 Nxf3+ 12. Rxf3 Qb6 {Adams,M (2708)
-Kramnik,V (2760) Las Vegas 1999 CBM 072 (Donev) (1/2-1/2, 78)}) 7... Nge7 8.
f4 Nd4 {Since the knight will be forced to retreat after only four moves, this
looks like a mere loss of time.} ({But Black must have feared that after the
natural} 8... O-O {White would carry out the thematic attack} 9. f5 gxf5 10.
Qh5 Nd4 11. O-O-O {(which, under slightly difficult circumstances occurred in
one of Spassky's games, above!) Black is under no immediate threats, but the
weakness of the light squares and of his king's position may accumulate into a
promising positional white attack.}) 9. O-O O-O 10. Qd2 Bd7 {This move may be
all right, but instinctively I would feel that it does not keep Black's
harmony.} (10... Rb8 {getting ready for either ...B6 and ...Bb7 or ...B5-b4,
looks more flexible.} 11. Rf2 f6 $1 {A typical method of restricting White's
kingside activity. It occurs in the English triangle quite often, too (in its
mirrored version f2-f3, of course).} 12. Raf1 (12. fxe5 dxe5 $15 {[%cal Gc8e6]}
13. Nd5 Nxd5 14. exd5 Bxh3 15. Bxh3 Qxd5) 12... Be6 13. Nd5 (13. Kh1 Qd7 14.
Ng1 b5 {Lutovac,M (2200)-Ciocaltea,V (2465) Bar 1977 (0-1, 65)}) 13... Bxd5 14.
exd5 Nef5 15. g4 Nxe3 (15... Nh6 $1) 16. Qxe3 {Shaw,J (2280)-Sher,M (2510)
Hastings 1995 (0-1, 52)} f5 $15) ({The immediate} 10... f6 $5 {is also
interesting, but has never been tested between strong players.}) 11. Nd1 $5 {
A multi-purpose move. White prepares to expell the d4-knight and to
consolidate his h3-knight at the same time.} Qc8 $6 $146 {Another
disharmonious move.} (11... exf4 $6 12. Nxf4 Ne6 13. c3 Nxf4 14. Bxf4 Be6 15.
Bh6 (15. d4 $5) 15... d5 16. Bxg7 Kxg7 17. Qf4 Rc8 18. Ne3 $36 {Jurkovic,H 
(2270)-Hulak,K (2530) Pula 1994 (1/2-1/2, 44)}) (11... b6 $5 $146 {(See also
my next comment)} 12. c3 Ndc6 13. Ndf2 Qc7 14. Rae1 Rad8) 12. Ndf2 Ndc6 13. c3
b5 $2 ({One rule I knew as a kid is that if there is some tension in the
centre Black should consolidate his c5-pawn with} 13... b6 {In this concrete
position, the idea would be meeting} 14. fxe5 {with} dxe5 {, preventing the
radical activation of the h3-knight.}) 14. fxe5 $1 Nxe5 15. Bh6 $14 {The most
precise move order. Such a positive move as Nh3-f4 should not obstruct the
bishop. Besides, exchanging the g7-bishop will weaken the kingside and turn
Black's queenside counter-attack into something similar to an infantry assault
without the support of the artilery.} N7c6 16. Bxg7 Kxg7 17. Nf4 Qd8 {After
the bishop exchange, it looks natural to return with the queen to the dark
squares, for both defensive and offensive purposes. But I cannot help
comparing the two rival Majesties, suggesting an advantage for the white queen.
From d2, it also controls dark squares on both wings, but it does not prevent
the connection of the rooks! Ironically, Black will manage to connect rooks
only on move 29, but that will be just a speeding up of the defeat!} 18. Rad1
Rc8 19. Qe2 {Controlling the g4-square and taking the queen out of the
e5-knight's range (d3-d4, ...Nc4) in order to prepare the central expansion.}
h5 $6 {The final phase of the game induces the thought that Black should have
abstained from this weakening of the kingside. But the sad thing is that Black
has no active plan available and has to live with the positional threat of
d3-d4.} 20. d4 cxd4 21. cxd4 Ng4 22. h3 Nxf2 23. Qxf2 {White's progress over
the past moves is obvious, while for Black it remains difficult to formulate a
coherent plan.} Ne7 {Black's worries regarding the d5-square are justified,
but the knight stands awfully on e7.} 24. Rd3 $1 {With the centre firmly in
White's hands, such rook lifts tend to be rather annoying. But, ironically,
this move would not have been possible had Black not occupied the b5-square
with the pawn!} b4 {The threat ...Bb5 arrives too late. Things will start
happening on the kingside.} 25. Rf3 Qe8 $2 {Black surely did not know what to
do with his queen in this game. It looks as if the strongest piece is
searching on purpose for the most passive squares.} ({Black spent a tempo on
over-defending f7, since} 25... Bb5 $2 {would allow the decisive blow} 26.
Nxh5+ $1) ({A safer way to parry the sacrifice on h5 was} 25... Kg8 26. g4 $1 {
This is slightly less strong than in the game, but quite annoying anyway.} (26.
d5 Bb5 27. Re1 Qc7 $14 {[%csl Re7]}) (26. Nxh5 $6 gxh5 27. Rxf7 Ng6 28. e5 Qg5
$132) 26... hxg4 27. hxg4 Bxg4 28. Rg3 Qd7 29. d5 a5 30. Qd4 {[%cal Gg2h3,
Gg4h3,Rg3h3,Rh3h8]} f6 {[%csl Ge6]} 31. Bh3 Bxh3 32. Nxh3 Rf7 33. Nf4 $16) 26.
g4 {With the black pawn on h7, this would have just been a way to increase the
positional domination by blocking the enemy structure with g4-g5. But the way
it is, the open file will be opened, with fatal consequences for Black.} ({
White's positon was so good already that there was another, much simpler, win:
} 26. d5 {[%csl Ga7,Gg7][%cal Gf2d4,Gd4b4]} a5 27. Qd4+ Kg8 (27... f6 28. Ne6+
Bxe6 29. Rxf6 $18) 28. Qf6 {[%cal Gf6d6] Black's lack of coordination is
pathetic.}) 26... hxg4 27. hxg4 Bb5 (27... Bxg4 {would just open another file
for White's attack:} 28. Rg3 Qd7 29. Bh3 $1 {Attacking the main defender of
the g-file.} f5 (29... Bxh3 30. Nh5+ {is curtains.}) 30. d5 {with such threats
as Qd4+ and Ne6+.}) 28. Re1 Qd8 {This queen surely has moved a lot. And it did
it with short steps, as if it was the least mobile piece on board, the king.}
29. g5 Qb6 $6 {The first relatively long queen move loses by force, but it is
hard to give an advice for Black. Apart from the game manoeuvre he threatens
Rh3 with combined threats along the h-file and on f6. White would win with
simple moves even if Black had restricted himself to a status quo policy.} (
29... a5 30. d5 {[%csl Ra7][%cal Gf2d4,Gf3h3,Rd8b6]} Rh8 31. Bh3 $18 {[%cal
Gh3c8]} Rc7 32. Ne6+ fxe6 33. Rf7+ Kg8 34. Rg7+ Kxg7 35. Qf6+ Kg8 36. Bxe6+ Kh7
37. Qf7#) (29... Bd7 30. Rf1 {[%csl Gf7]}) (29... Rb8 30. Rh3 a5 31. Rh6 a4 (
31... Rh8 32. Ne6+ $1) 32. Nh5+ gxh5 33. Qf6+ Kg8 34. Qh8#) 30. Bh3 Rcd8 31.
Be6 {Quite a nasty visit!} Be8 32. Nd5 (32. Rh3 {with the threat Nh5+ followed
by Qf6+ and Rxh5 is more spectacular. Had Black retreated his rook to b8
rather than d8, this might have been Carlsen's choice. But with the d8-square
unavailable to the black queen, his solution is simple and effective.}) 32...
Nxd5 33. Bxd5 {Black resigned... in what looks a "normal" position. It would
be so with the h-file closed. Under the given circumstances, the threat Rh3
followed by Qf6+ is decisive.} 1-0

[Event "Tromso ol (Men) 41st"]
[Site "Tromso"]
[Date "2014.08.04"]
[Round "3.1"]
[White "Carlsen, Magnus"]
[Black "Djukic, Nikola"]
[Result "1-0"]
[WhiteElo "2877"]
[BlackElo "2521"]
[PlyCount "89"]
[EventDate "2014.08.02"]
[EventType "team-swiss"]
[EventRounds "11"]
[EventCountry "NOR"]
[SourceTitle "CBM 162"]
[Source "ChessBase"]
[SourceDate "2014.09.17"]
[WhiteTeam "Norway"]
[BlackTeam "Montenegro"]
[WhiteTeamCountry "NOR"]
[BlackTeamCountry "MNE"]

1. e4 d5 2. exd5 Qxd5 3. Nc3 Qd8 4. d4 Nf6 5. Nf3 Bg4 6. h3 Bxf3 7. Qxf3 c6 8.
Qd3 e6 9. g3 Nbd7 10. Bg2 Bd6 11. O-O O-O 12. a3 Qc7 13. Rd1 Rad8 14. b3 Rfe8
15. Bb2 a6 16. Ne2 e5 17. c4 exd4 18. Nxd4 Be5 19. Qc2 c5 20. Nf3 Bxb2 21. Qxb2
Nf8 22. Nh4 Ng6 23. Nf5 Ne7 24. Ne3 b6 25. b4 Nc6 26. Rxd8 Rxd8 27. Rb1 cxb4
28. axb4 Ne5 29. Qc3 Rd3 30. Qa1 h5 31. Qxa6 h4 32. g4 Rd2 33. c5 bxc5 34. b5
Ned7 35. b6 Qf4 36. Qa8+ Kh7 37. Qf3 Qxf3 38. Bxf3 Rd4 39. b7 Rb4 40. Rd1 Ne5
41. Bg2 Nfd7 42. Nc2 Rf4 43. Rd5 f6 44. Rxc5 Nb8 45. Rc8 1-0